• 首页
  • 本馆介绍
  • 公告通知
  • 最新文献
  • 馆藏检索
  • 电子资源
  • 读者导购
  • 参考咨询
  • 我的图书馆
  • 登录
  • 详细信息显示
  • 放入我的书架
  • 预约/预借图书
  • 作者相关作品
  • 分类相关作品
  • 丛书相关作品
  • 出版社相关作品

书目信息

  • 表格格式
  • 工作单格式
  • 卡片格式
题名:
微生物基因组学
    
 
作者: 胡福泉 主编
分册:  
出版信息: 北京   人民军医出版社  2002.10
页数: 556页
开本: 23cm
丛书名:
单 册:
中图分类: Q933
科图分类:
主题词: 微生物遗传学
电子资源:
ISBN: 7-80157-554-7
000 00563nam0 2200193 450
001 0830368467
005 20080623082738.65
010    @a7-80157-554-7@dCNY98.00
100    @a20080623d2002 km y0chiy0120 ea
101 0  @achi
102    @aCN@b110000
200 1  @a微生物基因组学@Awei sheng wu ji yin zu xue@f胡福泉主编@Fhu fu quan zhu bian
210    @a北京@c人民军医出版社@d2002.10
215    @a556页@d23cm
606 0  @a微生物遗传学
690    @aQ933@v4
701  0 @a胡福泉@Ahu fu quan@4主编
801  0 @aCN@b山东省滨州职业学院图书馆@c20080623
905    @aBZT@dQ933@e1
    
    微生物基因组学/胡福泉主编.-北京:人民军医出版社,2002.10
    556页;23cm
    
    
    ISBN 7-80157-554-7:CNY98.00
    
●
相关链接 在五车中查询图书 在当当中查询图书 在豆瓣中查询图书


正题名:微生物基因组学     索取号:Q933/1         预约/预借

序号 登录号 条形码 馆藏地/架位号 状态 备注
1 684714   2000684714   中心书库中库/ 中库042架B面1列3层8/ [索取号:Q933/1] 在馆    
2 684715   2000684715   中心书库中库/ 中库042架B面1列3层9/ [索取号:Q933/1] 在馆    
3 684716   2000684716   中心书库中库/ 中库042架B面1列3层5/ [索取号:Q933/1] 在馆    
4 684717   2000684717   中心书库中库/ 中库042架B面1列3层7/ [索取号:Q933/1] 在馆    
5 684718   2000684718   中心书库中库/ 中库042架B面1列3层6/ [索取号:Q933/1] 在馆    
6 684719   2000684719   中心书库中库/ 中库042架B面1列3层4/ [索取号:Q933/1] 在馆    
7 684720   2000684720   中心书库中库/ 中库042架B面1列3层3/ [索取号:Q933/1] 在馆    
山东省滨州职业学院图书馆 欢迎您!
大连网信软件有限公司© 版权所有